English Clubs that have played in Europe - Statistics

General Stats
  • This quiz has been taken 19 times
  • The average score is 32 of 40
Answer Stats
Answer % Correct
Arsenal
100%
Chelsea
100%
Liverpool
100%
Manchester City
100%
Manchester United
100%
Newcastle United
100%
Tottenham Hotspur
100%
West Ham United
100%
Birmingham City
94%
Wolverhampton Wanderers
94%
Aston Villa
88%
Everton
88%
Fulham
88%
Nottingham Forrest
88%
Portsmouth
88%
Southampton
88%
Sunderland
88%
Blackburn Rovers
82%
Brighton and Hove Albion
82%
Leeds United
82%
Leicester City
82%
Sheffield Wednesday
82%
Burnley
76%
Derby County
76%
Norwich City
76%
Queens Park Rangers
76%
Bolton Wanderers
71%
Coventry City
71%
Crystal Palace
71%
Hull City
65%
Ipswich Town
65%
Stoke City
65%
Watford
65%
West Bromwich Albion
65%
Millwall
59%
Swansea City
59%
Wigan Athletic
59%
Wimbledon
59%
Bradford City
35%
Middlesborough
29%
No matching quizzes found
Score Distribution
Percent of People with Each Score
Percentile by Number Answered
Your Score History
You have not taken this quiz